Biology of industrial microorganisms
Guardat en:
| Autors principals: | , |
|---|---|
| Format: | Llibre |
| Idioma: | anglès |
| Publicat: |
Menlo Park
Benjamin Cummings
1985
|
| Col·lecció: | Biotechnology
|
| Matèries: | |
| Etiquetes: |
Afegir etiqueta
Sense etiquetes, Sigues el primer a etiquetar aquest registre!
|
MARC
| LEADER | 00000nam a2200000 a 4500 | ||
|---|---|---|---|
| 001 | UCU7207 | ||
| 003 | CL-VaPUC | ||
| 008 | 960628e19850000US |||||||||||||||||eng|d | ||
| 082 | 0 | 4 | |a 660.65 |b DEM |2 21 |
| 100 | 0 | |a Demain, Arnold L |e author |9 365830 | |
| 700 | 0 | |a Solomon, Nadine A |e author |9 365831 | |
| 245 | 1 | 0 | |a Biology of industrial microorganisms |
| 300 | |a 573 p | ||
| 942 | |c BK | ||
| 945 | |d 19960628 00:00:00 |a paguirre | ||
| 260 | |a Menlo Park |b Benjamin Cummings |c 1985 | ||
| 650 | 0 | |a Tecnología química |9 263002 | |
| 650 | 7 | |a INDUSTRIA QUIMICA |2 CL-VaPUC |9 365832 | |
| 650 | 0 | |a Microbiología |9 259706 | |
| 650 | 0 | |a Cinética |9 260943 | |
| 650 | 7 | |a PENICILINAS |2 CL-VaPUC |9 365833 | |
| 650 | 0 | |a Bacterias |9 298237 | |
| 583 | |a last modification |c 19960628 00:00:00 |k Rodrigo Vera | ||
| 490 | 0 | |a Biotechnology | |
| 999 | |c 249890 |d 249888 | ||
| 952 | |0 0 |1 0 |4 0 |6 660_650000000000000_DEM_1985 |7 0 |8 A |9 267448 |a BIBING |b BIBING |d 2019-11-19 |i 1695193 |o 660.65 DEM 1985 |p 1695193 |r 2025-01-20 |w 2019-11-19 |y BK |k EIB | ||